| 000 | 00879cam a2200289Ii 4500 | ||
|---|---|---|---|
| 999 |
_c9169 _d9169 |
||
| 001 | 4761654 | ||
| 003 | OCoLC | ||
| 005 | 20210108162123.0 | ||
| 008 | 790321t19641961enka b 001 0 eng d | ||
| 020 | _a0195002679 | ||
| 020 | _a9780195002676 | ||
| 035 | _a.b64853251 | ||
| 040 |
_aEEL _cEEL _dOQP _dUV$ _dNLGGC _dBTCTA _dYDXCP _dOSU _dUtOrBLW |
||
| 043 | _af-ua--- | ||
| 049 | _aOSUU | ||
| 082 | 0 | 4 |
_a932/.01 _220 |
| 090 |
_aDT83 _b.G3 1964 |
||
| 090 |
_aDT83 _b.G3 1964 |
||
| 100 | 1 |
_aGardiner, Alan Henderson, _cSir, _d1879-1963 |
|
| 245 | 1 | 0 |
_aEgypt of the Pharaohs : _ban introduction / _cBy Sir Alan Gardiner |
| 260 |
_aLondon ; _aNew York : _bOxford University Press, _c[1964, c1961] |
||
| 300 |
_axx, 461 p. : _bill. ; _c21 cm |
||
| 490 | 0 | _aGalaxy book GB 165 | |
| 504 | _aIncludes bibliographical references | ||
| 651 | 0 |
_aEgypt _xHistory _yTo 332 B.C |
|
| 942 |
_2ddc _cBK |
||